000
00178 a2200097 4500
020
_a
9781595664907
041
_a
spa
100
_a
Hannah Ray
245
_a
Las Galinas
942
_c
K
999
_c
26085
_d
26085